000 00868nam a22002657a 4500
003 UA-OsUOA
001 32352
007 ta
008 20050201b un ||||| |||| 00| 0 ukr d
100 _aКривошея В. В.
090 _a94(477).04
_bК82
942 _cBK
040 _aUA-OsUOA
_bukr
_cUA-OsUOA
_dUA-OsUOA
245 _aУкраїнська козацька старшина
_bУпорядники гетьманської адміністрації: реєстр
_cВ. В. Кривошея; Рец. О. І. Путро, Н. М. ЯковенкоРец. О. І.Путро Н. М.Яковенко
300 _a104 с.
955 _a0
041 _aukr
080 _a94(477).04
020 _a966-02-0151-6
260 _aКиїв
_bПВКП "Укртиппроект"
_c1997
246 3 1 _aЧ. 1
_n
044 _aUA
650 7 _2UDC
999 _c318794
_d318794